| 000 | 01163nam a22002537a 4500 | ||
|---|---|---|---|
| 005 | 20170124102944.0 | ||
| 010 | _aA-811196 | ||
| 020 |
_c150.00 _a8121406129 |
||
| 035 | _aA-811196 | ||
| 037 | _bCen Lib/Ret | ||
| 040 |
_aDPL _bHN |
||
| 082 |
_a822.08 _bमालिक |
||
| 100 |
_aमालिक, शांति _949222 |
||
| 245 |
_aप्रसाद युग के नाटकों की शिल्विधि / _cमालिक मालिक |
||
| 246 |
_aPrasad yug ke natakon ki shilpvidhi / _bby Shanti Malik |
||
| 260 |
_aनई दिल्ली _bनेशनल पब्लिशिंग हाउस _c1996 |
||
| 270 |
_a2/35, अंसारी रोड, दरियागंज _bनई दिल्ली _e110002 |
||
| 300 |
_a164पृ. _c21सेमी(सजिल्द) |
||
| 650 |
_aहिंदी साहित्य _949223 |
||
| 650 |
_aहिंदी साहित्य -- नाटक -- शिल्पविधि _949224 |
||
| 650 |
_aHindi literature _949225 |
||
| 650 |
_aHindi literature -- Drama -- Craft method _949226 |
||
| 942 |
_2ddc _cHN _h822.08 _mमालिक |
||
| 999 |
_c112796 _d112796 |
||